| 000 | 00646nam a2200217 u 4500 | ||
|---|---|---|---|
| 001 | 000359455 | ||
| 003 | AM-YeHGA | ||
| 005 | 20250617131525.0 | ||
| 008 | 040908s1984 ||| r 000 0 rus d | ||
| 040 | _aAM-YeHGA | ||
| 041 | 0 | _arus | |
| 245 | 0 | 0 |
_aКрым : _bФотоальбом / _cГ.П. Мирошник. |
| 246 | 1 | 5 | _aKrim |
| 260 |
_aКиев : _bМистецтво, _c1984. |
||
| 300 |
_a190 с. _bцв. ил. |
||
| 500 | _aАвт. указан в конце кн. | ||
| 546 | _aТекст. на рус. и нем. яз. | ||
| 653 | 0 | _aКрым | |
| 700 | 1 | _aМирошник, Георгий Павлович | |
| 090 | _c138866 | ||
| 999 |
_c137493 _d137493 |
||